[Event "Elit(Rockaden,Sthlm-Burgsvik)"]
[Site "?"]
[Date "2013.02.03"]
[Round "4"]
[White "Engqvist, Thomas"]
[Black "Larsson, Victor"]
[Result "1/2-1/2"]
[WhiteElo "2433"]
[BlackElo "2239"]
[PlyCount "86"]

1. c4 c5 2. Nf3 Nc6 3. d4 cxd4 4. Nxd4 g6 5. e4 Bg7 6. Be3 Nf6 7. Nc3 O-O 8.
Be2 b6 9. O-O Bb7 10. f3 Qb8 11. Qd2 Rd8 12. Ndb5 d6 13. Nd5 Ne8 14. Rac1 Rd7
15. Rfd1 Qd8 16. Bf1 e6 17. Ndc3 Qe7 18. Qf2 Rc8 19. Rd2 Ba8 20. Nd5 Qf8 21.
Nf4 Qe7 22. Rcd1 Ne5 23. Na3 Bh6 24. Nxg6 hxg6 25. Bxh6 f5 26. Qg3 Nf6 27. exf5
Nh5 28. Qh3 exf5 29. Re2 Qf6 30. f4 Nf7 31. Bg5 Nxg5 32. fxg5 Qxg5 33. Qe3
Qxe3+ 34. Rxe3 Kf7 35. Nb5 d5 36. cxd5 Bxd5 37. Red3 Nf6 38. Nc3 Be6 39. Rxd7+
Nxd7 40. Ba6 Rc5 41. Rd2 Ne5 42. a3 Ra5 43. Be2 Bc4 1/2-1/2

[Event "Elit(Rockaden,Sthlm-Burgsvik)"]
[Site "?"]
[Date "2013.02.03"]
[Round "4"]
[White "Andersson, Tommy"]
[Black "Karlsson, Lars"]
[Result "0-1"]
[WhiteElo "2385"]
[BlackElo "2459"]
[PlyCount "112"]

1. d4 f5 2. g3 Nf6 3. Bg2 e6 4. c4 Bb4+ 5. Bd2 Qe7 6. Nc3 O-O 7. Nf3 d6 8. Qb3
a5 9. O-O Kh8 10. Bg5 Bxc3 11. Qxc3 Nbd7 12. e4 fxe4 13. Nd2 Qe8 14. Nxe4 Nxe4
15. Bxe4 Qh5 16. f4 h6 17. Bf3 Qg6 18. Be7 Rf7 19. Bd8 Nf8 20. Qe3 e5 21. Be4
Bf5 22. Bxf5 Rxf5 23. Bxc7 Ne6 24. Bxd6 Nxd4 25. Bxe5 Nc2 26. Qd3 Nxa1 27. Rxa1
Qb6+ 28. Bd4 Qe6 29. Be5 Rf7 30. Rd1 a4 31. Qe4 Re8 32. c5 Kg8 33. Qxa4 Rc8 34.
Rd6 Qf5 35. Qc4 h5 36. b4 Ra8 37. Rd2 h4 38. b5 hxg3 39. hxg3 Ra3 40. Kg2 Re3
41. Qd4 Re1 42. c6 bxc6 43. bxc6 Qh5 44. Qd8+ Rf8 45. Qh4 Qf5 46. Qe7 Qe4+ 47.
Kh3 Rh1+ 48. Kg4 Rxf4+ 49. Bxf4 Qxe7 50. c7 Qe6+ 51. Kf3 Kh7 52. Rc2 Qd5+ 53.
Ke3 Re1+ 54. Kf2 Qh1 55. g4 Qf1+ 56. Kg3 Qd3+ 0-1

[Event "Elit(Rockaden,Sthlm-Burgsvik)"]
[Site "?"]
[Date "2013.02.03"]
[Round "4"]
[White "Hedman, Erik"]
[Black "Andersson, Bjorn"]
[Result "1/2-1/2"]
[WhiteElo "2425"]
[BlackElo "2295"]
[PlyCount "81"]

1. e4 c5 2. Nf3 Nc6 3. d4 cxd4 4. Nxd4 Nf6 5. Nc3 e5 6. Ndb5 d6 7. Bg5 a6 8.
Na3 b5 9. Nd5 Qa5+ 10. Bd2 Qd8 11. c4 b4 12. Nc2 Nxe4 13. Ncxb4 Nxb4 14. Bxb4
Ra7 15. Qf3 Nf6 16. Nxf6+ gxf6 17. Bd3 Qb6 18. Bc3 Rg8 19. O-O Bb7 20. Be4 h5
21. Bd5 Bxd5 22. cxd5 Ke7 23. Qxh5 Rc7 24. Kh1 Rc4 25. f4 Rg6 26. Rae1 Bg7 27.
Qf5 Kd8 28. Qd3 Qc5 29. a3 Qc8 30. Re2 Ke7 31. fxe5 fxe5 32. Bb4 Rc1 33. Rxc1
Qxc1+ 34. Re1 Qxb2 35. Rg1 Qa2 36. h3 Bh6 37. g3 Rf6 38. Rg2 Qa1+ 39. Rg1 Qa2
40. Rg2 Qa1+ 41. Rg1 1/2-1/2

[Event "Elit(Rockaden,Sthlm-Burgsvik)"]
[Site "?"]
[Date "2013.02.03"]
[Round "4"]
[White "Fraenkel, Mikael"]
[Black "Kenneskog, Theodor"]
[Result "1-0"]
[WhiteElo "2040"]
[BlackElo "2281"]
[PlyCount "99"]

1. e4 e5 2. Nc3 Nf6 3. Bc4 Nxe4 4. Qh5 Nd6 5. Qxe5+ Qe7 6. Qxe7+ Bxe7 7. Bb3
O-O 8. Nf3 b6 9. O-O Bb7 10. Nd5 Bd8 11. d4 a5 12. a4 Bxd5 13. Bxd5 c6 14. Bf4
Bc7 15. Bb3 Na6 16. Ne5 Nf5 17. Rad1 d5 18. g4 Ne7 19. Rfe1 Rfe8 20. Bg3 Bxe5
21. Rxe5 Ng6 22. Re3 Nf8 23. Rde1 Rxe3 24. Rxe3 Ne6 25. c3 Rd8 26. f4 c5 27. f5
cxd4 28. cxd4 Nxd4 29. Bxd5 h5 30. Bc4 Nb4 31. Bc7 Rc8 32. Re7 hxg4 33. Rxf7
Kh8 34. b3 Nf3+ 35. Kf2 Nc6 36. Bb5 Kg8 37. Bc4 Kh8 38. Ba6 Re8 39. Bb5 Nfd4
40. Bxb6 Rb8 41. Bc7 Rb7 42. Bc4 Nxb3 43. Rf8+ Kh7 44. Bg8+ Kh6 45. Bf4+ g5 46.
Rf6+ Kg7 47. Rg6+ Kf8 48. Bd6+ Ke8 49. Be6 Ne7 50. Rh6 1-0

[Event "Elit(Eksjo-Rockaden,Sthlm)"]
[Site "?"]
[Date "2013.02.23"]
[Round "6"]
[White "Karlsson, Lars"]
[Black "Bejtovic, Jasmin"]
[Result "0-1"]
[WhiteElo "2459"]
[BlackElo "2469"]
[PlyCount "122"]

1. b3 c5 2. Bb2 Nc6 3. f4 Nf6 4. Nf3 g6 5. Bxf6 exf6 6. c4 d5 7. Nc3 d4 8. Ne4
Bf5 9. Nf2 Bd6 10. g3 O-O 11. Bg2 Re8 12. O-O Qe7 13. Nh4 Bd7 14. e4 dxe3 15.
dxe3 Rad8 16. Re1 Bc7 17. Qf3 Ba5 18. Red1 f5 19. Nd3 Qxe3+ 20. Qxe3 Rxe3 21.
Nf3 Be6 22. Nde5 Nxe5 23. Nxe5 Rxd1+ 24. Rxd1 Re2 25. Bxb7 Bc3 26. Nf3 Rxa2 27.
Rd8+ Kg7 28. Bd5 Bf6 29. Rb8 Ra1+ 30. Kf2 Bxd5 31. cxd5 Rd1 32. Rb7 Rxd5 33.
Rxa7 Rd3 34. Rb7 Bd4+ 35. Kg2 h6 36. b4 Rb3 37. b5 Rb2+ 38. Kh1 Rb1+ 39. Kg2
Rb2+ 40. Kh1 Bf6 41. b6 g5 42. Rc7 g4 43. Ne5 Bxe5 44. fxe5 Rxb6 45. Rxc5 Rb2
46. Kg1 Re2 47. Kf1 Rxh2 48. Rc7 Kg6 49. Rc6+ Kg5 50. Rf6 h5 51. Rxf7 h4 52. e6
hxg3 53. e7 g2+ 54. Kg1 Rh1+ 55. Kxg2 Re1 56. Kf2 Re4 57. Kg3 Kg6 58. Rf8 Rxe7
59. Ra8 Re3+ 60. Kf4 Rf3+ 61. Ke5 Kg5 0-1

[Event "Elit(Eksjo-Rockaden,Sthlm)"]
[Site "?"]
[Date "2013.02.23"]
[Round "6"]
[White "Malesevic, Nedeljko"]
[Black "Barkhagen, Jonas"]
[Result "1/2-1/2"]
[WhiteElo "2341"]
[BlackElo "2501"]
[PlyCount "32"]

1. d4 Nf6 2. c4 e6 3. Nf3 b6 4. g3 Ba6 5. Nbd2 c5 6. e4 cxd4 7. e5 Ng8 8. Bg2
Nc6 9. O-O f5 10. Re1 Rb8 11. a3 Nh6 12. b4 Bb7 13. Nb3 Nf7 14. b5 Ne7 15. Qxd4
Qc7 16. Bb2 g5 1/2-1/2

[Event "Elit(Eksjo-Rockaden,Sthlm)"]
[Site "?"]
[Date "2013.02.23"]
[Round "6"]
[White "Engqvist, Thomas"]
[Black "Vernersson, Per"]
[Result "0-1"]
[WhiteElo "2433"]
[BlackElo "2421"]
[PlyCount "166"]

1. c4 e6 2. Nc3 d5 3. d4 Nf6 4. Bg5 Be7 5. e3 O-O 6. Nf3 Nbd7 7. Rc1 a6 8. cxd5
exd5 9. Bd3 c6 10. Qc2 Re8 11. O-O Nf8 12. Ne5 Ng4 13. Bxe7 Rxe7 14. Nf3 g6 15.
Ne2 Qd6 16. Qc5 Qxc5 17. Rxc5 Nh6 18. Ng3 f6 19. Rfc1 Nf7 20. Nd2 Nd6 21. R5c3
Ne6 22. Ne2 Nf8 23. Nf4 Bf5 24. Bf1 g5 25. Nh5 Nd7 26. a4 Bg6 27. Ng3 a5 28.
Bd3 Bxd3 29. Rxd3 Kf7 30. Nf3 h6 31. h4 Kg6 32. Rb1 f5 33. b4 axb4 34. Rxb4 f4
35. h5+ Kf6 36. Nf1 Kf5 37. g3 fxg3 38. Nxg3+ Ke6 39. Nh2 Nf6 40. f3 Nf5 41.
Nhf1 Ng7 42. Rdb3 Ra7 43. Rb2 Kf7 44. Nh2 Nfxh5 45. Nxh5 Nxh5 46. Ng4 Nf6 47.
Ne5+ Kg7 48. a5 Rc7 49. a6 bxa6 50. Rc2 a5 51. Rb6 a4 52. Rcxc6 Rxc6 53. Nxc6
Ra8 54. Rb7+ Kf8 55. Rb2 a3 56. Ra2 Ra4 57. Ne5 Ke7 58. Nd3 Nd7 59. Ne1 Nb6 60.
Nc2 Nc4 61. Kf2 Ke6 62. Ra1 Kf5 63. Ke2 a2 64. Kd3 Nd6 65. e4+ Kf4 66. e5 Nf5
67. Kc3 h5 68. Kb3 Ra5 69. Kb4 Ra8 70. Kc3 h4 71. Nb4 Ne3 72. e6 Kxf3 73. Nd3
h3 74. e7 Rc8+ 75. Kb3 h2 76. Ne5+ Kg3 77. Nf7 Nc2 78. Nd8 Nxa1+ 79. Kxa2 h1=Q
80. e8=Q Rc2+ 81. Ka3 Qf3+ 82. Ka4 Qb3+ 83. Ka5 Ra2+ 0-1

[Event "Elit(Eksjo-Rockaden,Sthlm)"]
[Site "?"]
[Date "2013.02.23"]
[Round "6"]
[White "Ornstein, Axel"]
[Black "Bator, Robert"]
[Result "1/2-1/2"]
[WhiteElo "2329"]
[BlackElo "2468"]
[PlyCount "48"]

1. d4 d5 2. Bf4 c6 3. e3 Qb6 4. Qc1 Bf5 5. Nf3 Nd7 6. Be2 f6 7. c4 e6 8. Nc3 g5
9. Bg3 h6 10. c5 Qd8 11. b4 a6 12. O-O Bg6 13. a4 Ne7 14. b5 Nf5 15. Bd3 h5 16.
bxc6 bxc6 17. Bd6 Bxd6 18. cxd6 Kf7 19. Ne2 Nxd6 20. Bxg6+ Kxg6 21. Qxc6 Qe7
22. Qc2+ Kh6 23. Rfc1 Rhc8 24. Qd3 Qh7 1/2-1/2

[Event "Elit(Eksjo-Rockaden,Sthlm)"]
[Site "?"]
[Date "2013.02.23"]
[Round "6"]
[White "Hedman, Erik"]
[Black "Thornert, Hakan"]
[Result "1-0"]
[WhiteElo "2425"]
[BlackElo "2228"]
[PlyCount "97"]

1. e4 c5 2. Nf3 d6 3. d4 cxd4 4. Nxd4 Nf6 5. Nc3 g6 6. Bg5 Bg7 7. Bb5+ Bd7 8.
Qe2 Nc6 9. O-O-O O-O 10. Bxc6 bxc6 11. e5 dxe5 12. Nxc6 Bxc6 13. Rxd8 Rfxd8 14.
f3 Rdc8 15. Rd1 Rab8 16. Be3 Rb7 17. Qa6 e4 18. fxe4 h5 19. Qc4 Ng4 20. Bg1
Rbc7 21. h3 Bb7 22. Rd8+ Kh7 23. Rxc8 Rxc4 24. Rxc4 Ne5 25. Rc7 Ba6 26. Rxe7
Bf1 27. Bd4 f6 28. Nd5 Kg8 29. Bxe5 fxe5 30. Rxg7+ Kxg7 31. Ne3 Bb5 32. h4 g5
33. g3 gxh4 34. gxh4 Bc6 35. Nd5 Kf7 36. Kd2 Ke6 37. c4 Bb7 38. Kd3 Bc6 39. b4
Bb7 40. a4 Bc6 41. a5 Bb7 42. a6 Bc6 43. b5 Bd7 44. b6 axb6 45. a7 Bc6 46. Nxb6
Kd6 47. a8=Q Bxa8 48. Nxa8 Kc6 49. Kc3 1-0

[Event "Elit(Eksjo-Rockaden,Sthlm)"]
[Site "?"]
[Date "2013.02.23"]
[Round "6"]
[White "Krantz, Christopher"]
[Black "Henriksson, Jacob"]
[Result "1-0"]
[WhiteElo "2334"]
[BlackElo "2315"]
[PlyCount "99"]

1. d4 Nf6 2. c4 e6 3. Nf3 b6 4. g3 Bb7 5. Bg2 Be7 6. O-O O-O 7. Nc3 Ne4 8. Qc2
Nxc3 9. Qxc3 d5 10. cxd5 exd5 11. Bf4 c5 12. dxc5 bxc5 13. Ne5 Qb6 14. Qc2 Bf6
15. Ng4 Nd7 16. Nxf6+ Nxf6 17. Rfd1 Rfe8 18. Rac1 Ne4 19. Bxe4 Rxe4 20. Qxc5
Rxe2 21. Qxb6 axb6 22. Rc7 Bc8 23. Rd2 Rxd2 24. Bxd2 Bh3 25. f3 Rc8 26. Rxc8+
Bxc8 27. a4 d4 28. Kf2 Kf8 29. b4 Be6 30. Bc1 Bb3 31. a5 bxa5 32. bxa5 Bc4 33.
Bb2 d3 34. Ke3 Ke7 35. Bxg7 Kd6 36. g4 Kc5 37. Bc3 Bd5 38. Bd2 Bb7 39. f4 Kc4
40. Be1 Bc8 41. f5 Ba6 42. h4 Kd5 43. Kf4 Kd4 44. Kg5 Ke3 45. Kf6 Bc4 46. g5 d2
47. Bxd2+ Kxd2 48. Kg7 Ke3 49. Kxh7 Bd3 50. Kg7 1-0

[Event "Elit(Eksjo-Rockaden,Sthlm)"]
[Site "?"]
[Date "2013.02.23"]
[Round "6"]
[White "Kenneskog, Theodor"]
[Black "Nordstrom, Per-Olov"]
[Result "1-0"]
[WhiteElo "2281"]
[BlackElo "2013"]
[PlyCount "119"]

1. d4 Nf6 2. c4 c5 3. d5 b5 4. cxb5 a6 5. f3 axb5 6. e4 Qa5+ 7. Bd2 b4 8. Na3
d6 9. Nc4 Qc7 10. a3 bxa3 11. Rxa3 Rxa3 12. bxa3 Nbd7 13. Ba5 Qb7 14. Qa4 g6
15. Bd3 Bg7 16. Ne2 O-O 17. O-O Ne5 18. Nxe5 dxe5 19. Bc3 Bd7 20. Qa5 e6 21.
dxe6 Bxe6 22. Bxe5 c4 23. Bc2 Ra8 24. Qc3 Ne8 25. Bxg7 Nxg7 26. Rb1 Qa7+ 27.
Kh1 h5 28. a4 Rb8 29. Rxb8+ Qxb8 30. Nd4 Qf4 31. Kg1 Qc7 32. a5 h4 33. Ba4 Qc5
34. Kf1 h3 35. g3 f5 36. Bb3 Bf7 37. Bc2 Ne6 38. Nxe6 Bxe6 39. Qf6 Bf7 40. exf5
Qe3 41. Qd8+ Kg7 42. f6+ Kh7 43. Be4 Qc1+ 44. Kf2 Qh1 45. Qf8 Qxh2+ 46. Ke3
Qg1+ 47. Kf4 Qc1+ 48. Kg4 Be6+ 49. Kh4 Qh6+ 50. Qxh6+ Kxh6 51. f4 Bc8 52. g4 h2
53. Kg3 c3 54. Kxh2 Bxg4 55. a6 Bf3 56. f7 Kg7 57. Bxg6 Bh5 58. a7 Bf3 59. Kg3
Bd5 60. Kf2 1-0

[Event "Elit(Eksjo-Rockaden,Sthlm)"]
[Site "?"]
[Date "2013.02.23"]
[Round "6"]
[White "Karlsson, Roger"]
[Black "Bryntze, Stefan"]
[Result "0-1"]
[WhiteElo "1887"]
[BlackElo "2276"]
[PlyCount "104"]

1. e4 e5 2. Nc3 Nf6 3. Bc4 Nc6 4. d3 Bc5 5. a3 d6 6. Na4 Bb6 7. Nxb6 axb6 8.
Bg5 h6 9. Bh4 Be6 10. Bxe6 fxe6 11. Bxf6 Qxf6 12. Qf3 Qg6 13. Ne2 O-O-O 14. h4
d5 15. Rh3 Rhf8 16. Rg3 Qe8 17. Qg4 dxe4 18. Qxe4 Qe7 19. f3 b5 20. O-O-O Rf5
21. Rg4 Rd7 22. Qe3 Qd6 23. Rf1 Kb8 24. Re4 Rd8 25. g4 Rf7 26. Rg1 Rdf8 27. Rf1
b6 28. g5 hxg5 29. hxg5 Rh8 30. Nc3 Nd4 31. Rxe5 Rh2 32. Nxb5 Nxb5 33. Rxe6 Qd4
34. Re8+ Kb7 35. Qe6 Rd7 36. Qe4+ Qxe4 37. fxe4 Nd4 38. g6 Rxc2+ 39. Kb1 Rg2
40. Rf7 Kc6 41. Re5 Rxg6 42. Rf1 Rg3 43. Rc1+ Kd6 44. Rh5 Rxd3 45. Rg1 Ne6 46.
Kc2 Re3 47. e5+ Ke7 48. Rf1 Rd5 49. Rg1 Rdxe5 50. Rxe5 Rxe5 51. Kd3 g5 52. Rg4
Kf6 0-1

[Event "Elit(Vasteras-Team Viking)"]
[Site "?"]
[Date "2013.02.23"]
[Round "6"]
[White "Agrest, Evgenij"]
[Black "Eriksson, Anders"]
[Result "1/2-1/2"]
[WhiteElo "2690"]
[BlackElo "2340"]
[PlyCount "136"]
[EventDate "2013.??.??"]
[SourceDate "2013.03.06"]

1. d4 Nf6 2. c4 e6 3. Nc3 Bb4 4. Bg5 c5 5. d5 h6 6. Bh4 Bxc3+ 7. bxc3 d6 8. e3
e5 9. Qc2 Nbd7 10. Nf3 Qe7 11. Nd2 Kd8 12. Bd3 Kc7 13. f3 g5 14. Bf2 Rg8 15.
O-O-O Nb6 16. Rde1 Bd7 17. e4 Nh5 18. g3 f6 19. Nf1 Raf8 20. Ne3 Ng7 21. h4 Qf7
22. g4 Be8 23. Rh2 Qd7 24. Reh1 Qa4 25. Qb2 Nc8 26. Kd2 Kb8 27. hxg5 hxg5 28.
Rh6 Qd7 29. R1h2 Ne7 30. Nf5 Ngxf5 31. exf5 Rg7 32. Qb1 Ng8 33. Rh8 Qa4 34. Be3
Rff7 35. Ke2 b6 36. Bd2 Rb7 37. Kf2 a6 38. Kg3 b5 39. Bc2 Qa5 40. cxb5 axb5 41.
Be1 c4 42. Be4 Kc7 43. Rb2 Qa3 44. Rb4 Ra7 45. Rb2 Ra8 46. Bd2 Bd7 47. Qc1 Ne7
48. Rh6 Ng8 49. Rh2 Ne7 50. Be3 Nc8 51. Qe1 Nb6 52. Rbc2 Qa5 53. Rh6 Rf7 54.
Rch2 Na4 55. Bd2 Nc5 56. Bb1 Be8 57. Rh7 Kd8 58. Qh1 Nd7 59. Rh8 Ke7 60. R2h6
Rg7 61. R6h7 Rxh7 62. Rxh7+ Bf7 63. Bxg5 fxg5 64. Qh6 Qxc3 65. Qe6+ Kd8 66.
Qxf7 Qe1+ 67. Kg2 Qe2+ 68. Kg3 Qe1+ 1/2-1/2

[Event "Elit(Vasteras-Team Viking)"]
[Site "?"]
[Date "2013.02.23"]
[Round "6"]
[White "Nilsson, Andre"]
[Black "Berczes, David"]
[Result "0-1"]
[WhiteElo "2300"]
[BlackElo "2592"]
[PlyCount "88"]

1. g3 d5 2. Bg2 c6 3. d3 Nf6 4. Nd2 e5 5. e4 Bd6 6. Ngf3 O-O 7. O-O Re8 8. b3
a5 9. a4 Bg4 10. h3 Bh5 11. exd5 cxd5 12. g4 Nxg4 13. hxg4 Bxg4 14. Qe1 Nc6 15.
Nh2 Bh5 16. Qe3 Nd4 17. Bb2 Nxc2 18. Qh3 Bg6 19. Rad1 Nb4 20. Nb1 Qc8 21. Qxc8
Raxc8 22. Ba3 Red8 23. Bxb4 Bxb4 24. Ng4 e4 25. dxe4 dxe4 26. Ne5 f5 27. Nxg6
hxg6 28. Rxd8+ Rxd8 29. Rc1 Kh7 30. Bf1 Kh6 31. Bc4 g5 32. Kg2 g4 33. Be2 Rd7
34. Bb5 Rd8 35. Be2 Rd7 36. Bb5 Rd6 37. Nc3 Rd2 38. Ne2 Bd6 39. Nc3 g3 40. Be2
Be5 41. Nxe4 fxe4 42. Re1 Kg5 43. fxg3 Rb2 44. g4 Bc3 0-1

[Event "Elit(Vasteras-Team Viking)"]
[Site "?"]
[Date "2013.02.23"]
[Round "6"]
[White "Norberg, Johan"]
[Black "Volodin, Aleksandr"]
[Result "1/2-1/2"]
[WhiteElo "2336"]
[BlackElo "2526"]
[PlyCount "139"]

1. e4 c5 2. Nf3 Nc6 3. b4 Nxb4 4. c3 Nc6 5. d4 d5 6. exd5 Qxd5 7. Be2 cxd4 8.
cxd4 e6 9. O-O Bb4 10. Qa4 Nge7 11. a3 Ba5 12. Bc4 Qd8 13. Bb2 O-O 14. Nc3 Nd5
15. Nxd5 exd5 16. Bd3 Bb6 17. Rae1 Bd7 18. Qc2 g6 19. Qd2 Qf6 20. Qh6 Rad8 21.
Bc1 Nxd4 22. Ne5 Bf5 23. Bg5 Qg7 24. Qxg7+ Kxg7 25. Bxd8 Rxd8 26. Bxf5 Nxf5 27.
Nd3 Kf6 28. Rb1 Nd4 29. Kh1 Rd7 30. Rfd1 Ne6 31. Kg1 Nc5 32. Kf1 Ne4 33. Rb3 d4
34. Nb4 Bc5 35. f3 Nd6 36. Nc2 b6 37. Ke2 Nc4 38. f4 Kf5 39. Kf3 g5 40. g4+ Kf6
41. fxg5+ Kxg5 42. h4+ Kf6 43. Ke4 Re7+ 44. Kf3 d3 45. Rbxd3 Ne5+ 46. Kf4 Nxd3+
47. Rxd3 Re2 48. Nb4 Rf2+ 49. Ke4 Bxb4 50. axb4 Rh2 51. Rd6+ Ke7 52. Rh6 Rb2
53. Rxh7 Rxb4+ 54. Kf5 Rb5+ 55. Kf4 a5 56. h5 a4 57. g5 Ke6 58. Rh6+ Kd5 59.
Rh8 a3 60. Rd8+ Ke6 61. Re8+ Kd7 62. Re1 a2 63. Ra1 Rb2 64. h6 Ke7 65. h7 Rh2
66. Rxa2 Rxh7 67. Ra7+ Ke6 68. g6 Rg7 69. gxf7 Rxf7+ 70. Rxf7 1/2-1/2

[Event "Elit(Vasteras-Team Viking)"]
[Site "?"]
[Date "2013.02.23"]
[Round "6"]
[White "Janse, Rasmus"]
[Black "Cramling, Dan"]
[Result "0-1"]
[WhiteElo "2284"]
[BlackElo "2392"]
[PlyCount "92"]

1. d4 Nf6 2. c4 c5 3. d5 b5 4. cxb5 a6 5. b6 Qxb6 6. Nc3 g6 7. Nf3 Bg7 8. Nd2
O-O 9. e4 d6 10. Nc4 Qd8 11. Be2 Nbd7 12. O-O Nb6 13. Nxb6 Qxb6 14. a4 Rb8 15.
Ra3 Rd8 16. Bc4 Qa5 17. Qc2 Ng4 18. Bd2 Ne5 19. Be2 Qb6 20. Rb1 f5 21. a5 Qa7
22. f3 Bd7 23. Be3 fxe4 24. fxe4 Rb4 25. Rb3 Rdb8 26. Rxb4 Rxb4 27. Na2 Rb8 28.
b4 Qb7 29. Kh1 h6 30. Qd2 Kh7 31. h3 e6 32. Rc1 cxb4 33. Bb6 b3 34. Rc7 Qxc7
35. Bxc7 b2 36. Nc3 Nf3 37. gxf3 Bxc3 38. Qxc3 b1=Q+ 39. Kg2 Rb2 40. Kf2 Bb5
41. Bb6 Rxe2+ 42. Kg3 Qc2 43. Qf6 Rg2+ 44. Kh4 Qxe4+ 45. fxe4 g5+ 46. Qxg5
hxg5+ 0-1

[Event "Elit(Vasteras-Team Viking)"]
[Site "?"]
[Date "2013.02.23"]
[Round "6"]
[White "Westerberg, Jonathan"]
[Black "Ylonen, Anders"]
[Result "1-0"]
[WhiteElo "2424"]
[BlackElo "2084"]
[PlyCount "50"]

1. e4 c5 2. Nc3 Nc6 3. f4 g6 4. Nf3 Bg7 5. Bb5 Nd4 6. O-O Nxb5 7. Nxb5 Nf6 8.
e5 Nd5 9. d4 cxd4 10. Qxd4 Nc7 11. Nxa7 d5 12. Nxc8 Rxc8 13. Qb6 Qd7 14. Qxb7
O-O 15. Nd4 Rfe8 16. Nc6 Bf8 17. Be3 d4 18. Rad1 Qd5 19. Bxd4 Rb8 20. Qxc7 Rec8
21. Nxe7+ Bxe7 22. Qxe7 Rxc2 23. Bf2 Qxa2 24. Rd8+ Rxd8 25. Qxd8+ Kg7 1-0

[Event "Elit(Vasteras-Team Viking)"]
[Site "?"]
[Date "2013.02.23"]
[Round "6"]
[White "Norberg, Erik"]
[Black "Bergstrom, Peter"]
[Result "1-0"]
[WhiteElo "2231"]
[BlackElo "2353"]
[PlyCount "139"]

1. Nf3 Nf6 2. c4 c6 3. g3 d5 4. b3 Bg4 5. Bg2 Nbd7 6. Bb2 e6 7. O-O Bd6 8. d4
O-O 9. Ne5 Bf5 10. Nd2 Qc7 11. Nxd7 Qxd7 12. f3 c5 13. e4 dxe4 14. fxe4 Bg4 15.
Qe1 Be7 16. e5 Ne8 17. Qe4 Bf5 18. Qxb7 Qxb7 19. Bxb7 Rb8 20. Be4 Bg5 21. Bxf5
Bxd2 22. Be4 Be3+ 23. Kg2 Bxd4 24. Bxd4 cxd4 25. Rad1 Rd8 26. Bc6 f6 27. Bxe8
Rfxe8 28. exf6 gxf6 29. Rxf6 e5 30. Kf3 e4+ 31. Ke2 Kg7 32. Rf4 Re7 33. c5 a5
34. c6 Rd6 35. c7 Rc6 36. Rxd4 Rcxc7 37. Rc4 Rxc4 38. bxc4 Rb7 39. Rxe4 Rb2+
40. Kd3 Rxa2 41. c5 Ra1 42. Rc4 Rd1+ 43. Ke4 Kf6 44. c6 Re1+ 45. Kd5 Rd1+ 46.
Kc5 Ke7 47. Kb6 Kd8 48. c7+ Kc8 49. Kxa5 Rb1 50. Rh4 Kxc7 51. Rxh7+ Kd6 52. Rh5
Rb2 53. h4 Ke6 54. g4 Kf6 55. Rf5+ Kg6 56. h5+ Kh6 57. Rf6+ Kg7 58. g5 Rg2 59.
Rg6+ Kh7 60. Kb5 Rg1 61. Kc5 Rh1 62. Rh6+ Kg7 63. Kd6 Ra1 64. Rg6+ Kh7 65. Re6
Rh1 66. Rh6+ Kg7 67. Ke7 Re1+ 68. Re6 Rh1 69. Rg6+ Kh7 70. Kf7 1-0

[Event "Elit(Eksjo-Team Viking)"]
[Site "Västerås"]
[Date "2013.03.15"]
[Round "7"]
[White "Bejtovic, Jasmin"]
[Black "Kotronias, Vassilios"]
[Result "1-0"]
[WhiteElo "2469"]
[BlackElo "2685"]
[PlyCount "97"]
[EventDate "2013.??.??"]
[SourceDate "2008.05.24"]

1. c4 g6 2. g3 Bg7 3. Bg2 Nf6 4. Nc3 O-O 5. e4 c5 6. Nge2 Nc6 7. O-O a6 8. d3
d6 9. h3 Rb8 10. a4 Ne8 11. Be3 Nc7 12. d4 cxd4 13. Nxd4 Ne6 14. Nde2 b6 15.
Rb1 Nc5 16. b4 Nd7 17. f4 Bb7 18. Qd2 a5 19. b5 Nb4 20. Nd5 Nc5 21. f5 Be5 22.
Bd4 Rc8 23. Qh6 Bxd5 24. exd5 Nd7 25. Rf4 Nf6 26. Bxe5 dxe5 27. Rh4 g5 28.
Qxg5+ Kh8 29. Qd2 Rg8 30. Rb3 Qd7 31. Re3 Qxf5 32. Qc3 Rg5 33. Rf3 Qg6 34. Qe3
e4 35. Rxf6 Qxf6 36. Qxe4 Rg7 37. Kh2 Qd6 38. Qd4 e5 39. Qe4 Re8 40. Rh5 Qg6
41. Rf5 f6 42. g4 Rc7 43. Ng3 Rec8 44. Bf1 Qh6 45. Rf2 Rf8 46. Qf3 Qc1 47. Qf5
Qe1 48. Ne4 Qe3 49. g5 1-0

[Event "Elit(Eksjo-Team Viking)"]
[Site "?"]
[Date "2013.03.15"]
[Round "7"]
[White "Agrest, Evgenij"]
[Black "Cicak, Slavko"]
[Result "1/2-1/2"]
[WhiteElo "2690"]
[BlackElo "2567"]
[PlyCount "42"]

1. Nf3 Nf6 2. c4 c5 3. Nc3 d6 4. g3 Nc6 5. Bg2 Bd7 6. O-O g6 7. d4 cxd4 8. Nxd4
Nxd4 9. Qxd4 Bc6 10. Nd5 Bg7 11. Bg5 Bxd5 12. Bxd5 h6 13. Be3 Qc7 14. Rac1 O-O
15. Bf3 Nd7 16. Qd2 h5 17. Bg2 a5 18. b3 Kh7 19. f4 f5 20. Bf2 Nf6 21. h3 e5
1/2-1/2

[Event "Elit(Eksjo-Team Viking)"]
[Site "?"]
[Date "2013.03.15"]
[Round "7"]
[White "Malesevic, Nedeljko"]
[Black "Carlsson, Pontus"]
[Result "0-1"]
[WhiteElo "2341"]
[BlackElo "2634"]
[PlyCount "40"]

1. d4 Nf6 2. c4 e6 3. Nf3 b6 4. g3 Ba6 5. Nbd2 Bb4 6. Qb3 c5 7. Bg2 Nc6 8. dxc5
bxc5 9. O-O O-O 10. Qc2 d5 11. cxd5 exd5 12. Nb3 Qb6 13. a3 c4 14. Nbd4 Nxd4
15. Nxd4 Bc5 16. Nf5 d4 17. Bxa8 Rxa8 18. e3 d3 19. Qd1 Re8 20. Rb1 c3 0-1

[Event "Elit(Eksjo-Team Viking)"]
[Site "?"]
[Date "2013.03.15"]
[Round "7"]
[White "Ivanov, Sergey"]
[Black "Krantz, Christopher"]
[Result "1-0"]
[WhiteElo "2612"]
[BlackElo "2334"]
[PlyCount "87"]

1. d4 d5 2. c4 e6 3. Nc3 Nf6 4. Nf3 Be7 5. Bg5 h6 6. Bh4 O-O 7. e3 Ne4 8. Bxe7
Qxe7 9. Rc1 c6 10. Bd3 Nxc3 11. Rxc3 dxc4 12. Bxc4 b6 13. O-O Bb7 14. Bd3 Rc8
15. Qc2 c5 16. dxc5 Rxc5 17. Rxc5 Qxc5 18. Qxc5 bxc5 19. Rc1 Na6 20. Bxa6 Bxa6
21. Rxc5 Rd8 22. Nd4 f6 23. f4 Bb7 24. Rc7 e5 25. Rxb7 exd4 26. exd4 Rxd4 27.
f5 Rd2 28. a4 a5 29. b3 h5 30. Rb5 Rb2 31. h4 Kh7 32. Kh2 g6 33. Rb7+ Kh6 34.
Rf7 Rxb3 35. Rxf6 Rb4 36. Rxg6+ Kh7 37. g3 Rxa4 38. Rg5 Ra2+ 39. Kg1 Ra1+ 40.
Kg2 Ra2+ 41. Kf3 a4 42. Rxh5+ Kg7 43. Rg5+ Kf6 44. Kg4 1-0

[Event "Elit(Eksjo-Team Viking)"]
[Site "?"]
[Date "2013.03.15"]
[Round "7"]
[White "Vernersson, Per"]
[Black "Berg, Emanuel"]
[Result "0-1"]
[WhiteElo "2421"]
[BlackElo "2611"]
[PlyCount "78"]

1. d4 Nf6 2. c4 e6 3. g3 c5 4. d5 exd5 5. cxd5 d6 6. Nc3 g6 7. Bg2 Bg7 8. Nf3
O-O 9. O-O a6 10. a4 Re8 11. Nd2 Nbd7 12. Nc4 Ne5 13. Nxe5 Rxe5 14. a5 b5 15.
axb6 Qxb6 16. e4 Rb8 17. Re1 Re8 18. h3 Nd7 19. Kh2 Bd4 20. f4 Qb3 21. Qd2 Nb6
22. Ra3 Qb4 23. Qc2 Bd7 24. Re2 a5 25. Na2 Qb5 26. Nc3 Qb4 27. Na2 Qb5 28. Nc3
Qa6 29. Re1 a4 30. Bf1 Qb7 31. Nb5 Nc4 32. Bxc4 Bxb5 33. Bxb5 Qxb5 34. Rxa4 f5
35. e5 dxe5 36. fxe5 Bxe5 37. Bd2 Bd4 38. Rc4 Rxe1 39. Bxe1 Re8 0-1

[Event "Elit(Eksjo-Team Viking)"]
[Site "?"]
[Date "2013.03.15"]
[Round "7"]
[White "Bergstrom, Peter"]
[Black "Ornstein, Axel"]
[Result "1/2-1/2"]
[WhiteElo "2353"]
[BlackElo "2329"]
[PlyCount "84"]

1. e4 c5 2. Nf3 d6 3. d4 Nf6 4. Nc3 cxd4 5. Nxd4 Nc6 6. Bg5 e6 7. Qd2 Qb6 8.
O-O-O Nxd4 9. Qxd4 Qxd4 10. Rxd4 a6 11. f3 Be7 12. Bc4 Bd7 13. Rhd1 Bc6 14. Bb3
O-O 15. R4d2 Rfd8 16. Bf4 Ne8 17. g4 g5 18. Be3 b5 19. h4 gxh4 20. g5 Nc7 21.
Rh2 h6 22. Rxh4 Bxg5 23. Rg1 Kf8 24. Bxg5 hxg5 25. Rxg5 Ke7 26. a4 Rh8 27. Rgh5
Rxh5 28. Rxh5 Rb8 29. axb5 axb5 30. Ne2 Na6 31. c3 Nc5 32. Bc2 b4 33. cxb4 Rxb4
34. Nc3 e5 35. Rh8 Ne6 36. Rc8 Kd7 37. Rh8 Nd4 38. Bd1 Ke6 39. Rh6+ f6 40. Rh7
Rb6 41. Rc7 f5 42. Rh7 Bb7 1/2-1/2

[Event "Elit(Eksjo-Team Viking)"]
[Site "?"]
[Date "2013.03.15"]
[Round "7"]
[White "Thornert, Hakan"]
[Black "Pettersson, Anders"]
[Result "1-0"]
[WhiteElo "2228"]
[BlackElo "2306"]
[PlyCount "82"]

1. e4 c5 2. Nf3 g6 3. d4 cxd4 4. c3 Bg7 5. Bc4 d3 6. Qb3 e6 7. Bf4 Nc6 8. Nbd2
Nge7 9. Bd6 O-O 10. h4 b6 11. Bxd3 Na5 12. Qa3 Re8 13. h5 Nb7 14. O-O-O Nxd6
15. Qxd6 b5 16. Kb1 b4 17. cxb4 Bb7 18. Nb3 Qb6 19. Qxb6 axb6 20. h6 Bh8 21.
Nbd4 f5 22. Rhe1 Nc6 23. Nxc6 Bxc6 24. b5 Bb7 25. Bc2 Bxe4 26. Bxe4 fxe4 27.
Rxe4 d5 28. Re2 Bf6 29. Nd4 Kf7 30. Nc6 Ra4 31. g3 Rc4 32. b4 Ra8 33. Rd3 Ra4
34. Rf3 Rcxb4+ 35. Nxb4 Rxb4+ 36. Rb3 Rxb3+ 37. axb3 Bd4 38. f4 g5 39. fxg5 e5
40. Rd2 Kg6 41. Rxd4 exd4 1-0